000 00619nam a2200217Ii 4500
001 692
003 CO-ViMGA
008 241108s9999||||xx |||||||||||||| ||und||
020 _a847223682X
040 _aCO-ViMGA
_bspa
_erda
_cCO-ViMGA
041 0 _aspa
084 _aN KUN1
100 1 _aMilan Kundera
_950672
245 1 0 _aLa insoportable levedad del ser
264 1 _a[Lugar de publicación no identificado] : Tusquets, 2003
300 _avolumen
336 _atext
_btxt
_2rdacontent
337 _aunmediated
_bn
_2rdamedia
338 _avolume
_bnc
_2rdacarrier
940 _aidficha_siabuc: 677. -- ficha_no_siabuc:692
999 _c45357
_d45357